Age of Empires III DE All Units - Statistics

General Stats
  • This quiz has been taken 36 times
    10 since last reset
  • The average score is 188 of 532
Answer Stats
Hint Answer % Correct
European Cavalry Dragoon
100%
European Cavalry Hussar
100%
British Unique Unit Longbowman
100%
European Infantry Pikeman
100%
European Ship Caravel
83%
European Artillery Grenadier
83%
Mercenary Jaeger
83%
European Artillery Mortar
83%
European Infantry Musketeer
83%
British Unique Unit Rocket
83%
European Town Center Settler
83%
European Infantry Skirmisher
83%
Church Spy
83%
German Unique Unit Uhlan
83%
African non-military | Asian non-combat | Native American non-military Villager
83%
German Unique Unit War Wagon
83%
American Cavalry Carbine Cavalry
67%
Swedish Unique Unit Carolean
67%
Livestock Cow
67%
French Unique Unit Cuirassier
67%
European Artillery Culverin
67%
Dutch Unique Unit Envoy
67%
European Hero Explorer
67%
Pet Unit Explorer's Dog
67%
European Artillery Falconet
67%
Asian Ship | Native American Ship Fishing Boat
67%
European Ship Fishing Ship
67%
Mercenary Fusilier
67%
European Ship Galleon
67%
American Artillery | Revolutionary Unit Gatling Gun
67%
French Royal Guard Gendarme
67%
Pet Unit Gentle Pete the Pet Bear
67%
Ottoman Unique Unit Great Bombard
67%
Mercenary Highlander
67%
Federal American Ship | Revolutionary Unit Ironclad
67%
Chinese Cavalry Keshik
67%
Spanish Unique Unit Lancer
67%
Mercenary Landsknecht
67%
Swedish Unique Unit Leather Cannon
67%
Haudenosaunee Siege Light Cannon
67%
Mercenary Li'l Bombard
67%
American Infantry Minuteman
67%
Asian Ship | European Ship Monitor
67%
Japanese Artillery Morutaru
67%
Portuguese Unique Unit Organ Gun
67%
Church Priest
67%
British Royal Guard Redcoat
67%
American Infantry Regular
67%
Livestock Sheep
67%
Ottoman Unique Unit Sipahi
67%
Aztec Hand Infantry Skull Knight
67%
Russian Unique Unit Strelet
67%
Church Surgeon
67%
Haudenosaunee Infantry Tomahawk
67%
Pet Unit Aiz the Tame Elephant
50%
Campaign Unit Alain Magnan
50%
Campaign Unit Amelia Black
50%
Chinese Infantry Arquebusier
50%
Aztec Ranged Arrow Knight
50%
Mercenary Arsonist
50%
Japanese Infantry Ashigaru Musketeer
50%
Pet Unit Axehilt the Tame Tiger
50%
Lakota Cavalry Axe Rider
50%
Mercenary Barbary Corsair
50%
Pet Unit Beau the Barbaric Boar
50%
Mercenary Black Rider
50%
Lakota Cavalry Bow Rider
50%
Indian Hero Brahmin
50%
Pet Unit Buck the Tame Wolf
50%
Native American Ship Canoe
50%
Native Unit Carib Blowgunner
50%
Portuguese Unique Unit Cassador
50%
European Cavalry Cavalry Archer
50%
Lakota Infantry Cetan Bowman
50%
Chinese Infantry Changdao Swordsman
50%
Campaign Unit Chayton Black
50%
Native Unit Cherokee Rifleman
50%
Native Unit Cheyenne Rider
50%
Mexican Cavalry Chinaco
50%
Chinese Infantry Chu Ko Nu
50%
Native Unit Comanche Horse Archer
50%
Outlaw Comanchero
50%
Native Unit Conquistador
50%
Russian Unique Unit Cossack
50%
French Unique Unit Coureur des Bois
50%
Aztec Hand Infantry Coyote Runner
50%
Native Unit Cree Tracker
50%
European Infantry Crossbowman
50%
Japanese Cavalry Daimyo
50%
Chinese Infantry Disciple
50%
German Unique Unit Doppelsoldner
50%
Pet Unit Duber the Pet Monkey
50%
Aztec Scout Eagle Scout
50%
Campaign Unit El General
50%
Pet Unit Fang the Tame Coyote
50%
Chinese Ship Fire Junk
50%
Maltese Unique Unit Fire Ship
50%
Indian Siege Flail Elephant
50%
Chinese Artillery Flamethrower
50%
Dutch Unique Unit Fluyt
50%
Chinese Artillery Flying Crow
50%
Haudenosaunee Infantry Forest Prowler
50%
European Ship Frigate
50%
Federal American Hero General
50%
Campaign Unit George Washington
50%
Livestock Goat
50%
Indian Infantry Gurkha
50%
Swedish Unique Unit Hakkapelit
50%
European Infantry Halberdier
50%
Chinese Artillery Hand Mortar
50%
Mercenary Harquebusier
50%
European Artillery Heavy Cannon
50%
European Artillery Horse Artillery
50%
Indian Cavalry Howdah
50%
Native Unit Huron Mantlet
50%
Mexican Infantry Insurgente
50%
Chinese Cavalry Iron Flail
50%
Mercenary Iron Troop
50%
Pet Unit Janey the Pet Jaguar
50%
Ottoman Unique Unit Janissary
50%
Campaign Unit John Black
50%
Pet Unit Lhota the Pet Lion
50%
Inca Hand Infantry Maceman
50%
Mercenary Mameluke
50%
Mercenary Manchu
50%
Haudenosaunee Siege Mantlet
50%
Dutch Unique Unit Merchant
50%
Chinese Cavalry Meteor Hammer
50%
European Town Center Militiaman
50%
Campaign Unit Morgan Black
50%
Ottoman Unique Unit Muhbir
50%
Japanese Cavalry Naginata Rider
50%
Campaign Unit Nathaniel Black
50%
Native American non-military Native Scout
50%
Mercenary Ninja
50%
Pet Unit Old Doug the Orangutan
50%
American Outlaw Owlhoot
50%
Campaign Unit Pierre Beaumont
50%
Outlaw Pirate
50%
German Royal Guard Prussian Needle Gunner
50%
Aztec Hand Infantry Puma Spearman
50%
Chinese Infantry Qiang Pikeman
50%
Native Unit Quechua Bolas Warrior
50%
Haudenosaunee Siege Ram
50%
Outlaw Renegado
50%
Lakota Cavalry Rifle Rider
50%
Spanish Unique Unit Rodelero
50%
Dutch Unique Unit Ruyter
50%
Indian Livestock Sacred Cow
50%
Japanese Infantry Samurai
50%
Asian Infantry Sentry
50%
Indian Infantry Sepoy
50%
German Unique Unit Settler Wagon
50%
American Infantry Sharpshooter
50%
Japanese Infantry Shinobi
50%
Japanese Cavalry Shogun
50%
Indian Siege Siege Elephant
50%
Mexican Infantry Soldado
50%
Indian Cavalry Sowar
50%
Chinese Cavalry Steppe Rider
50%
Mercenary Stradiot
50%
Campaign Unit Stuart Black
50%
Mercenary Swiss Pikeman
50%
Lakota Cavalry Tashunke Prowler
50%
Japanese Ship Tekkousen
50%
Native Unit Tiger Claw
50%
Aztec Ship Tlaloc Canoe
50%
Native Unit Tupi Blackwood Archer
50%
Indian Infantry Urumi Swordsman
50%
Lakota Infantry Wakina Rifle
50%
Native American Ship War Canoe
50%
Chinese Ship War Junk
50%
Native American Infantry Warrior
50%
Aztec Healer Warrior Priest
50%
Campaign Unit Warwick
50%
Japanese Cavalry Yabusame
50%
Japanese Infantry Yumi Archer
50%
Indian Cavalry Zamburak
50%
Mercenary Zouave
50%
Ethiopiean Healer Abun
33%
Ottoman Unique Unit Abus Gunner
33%
Campaign Unit Admiral Jinhai
33%
Haudenosaunee Infantry Aenna
33%
Native Unit Apache Cavalry
33%
Maltese Royal Guard Arbalester
33%
Mercenary Askari
33%
Ottoman Unique Unit Azap
33%
Mexican Outlaw Bandido
33%
European Ship Battleship
33%
Campaign Unit Berber Archer
33%
Native Unit Berber Camel Rider
33%
Italian Unique Unit Bersagliere
33%
Cheat Unit BigAndy
33%
Inca Ranged Bolas Warrior
33%
Revolutionary Unit Bolivar
33%
Campaign Unit Boneguard Musketeer
33%
Campaign Unit Boneguard Swordsman
33%
Native Unit Boyar
33%
Dutch Royal Guard Carabineer
33%
Revolutionary Unit Cetbang Cannon
33%
Native Unit Chakram Thrower
33%
Inca Scout Chasqui
33%
Inca Hand Infantry Chimu Runner
33%
Inca Ship Chincha Raft
33%
Lakota Infantry Club Warrior
33%
Campaign Unit Colonel Edwardson
33%
Mexican Outlaw Cuatrero
33%
Mercenary Dahomey Amazon
33%
Campaign Unit Daimyo Mototada
33%
Campaign Unit Delgado
33%
Mexican Outlaw Desperado
33%
Native Unit Drummer
33%
Aztec Ranged Eagle Runner Knight
33%
Campaign Unit Elisabet Ramsey
33%
Mercenary Elmetto
33%
Campaign Unit El Padre
33%
Spanish Royal Guard Espadachin
33%
Native Unit Evzone
33%
Maltese Unique Unit Fire Thrower
33%
Japanese Artillery Flaming Arrow
33%
Pet Unit Freitag the Pet Macaque
33%
Chinese Ship Fuchuan
33%
Japanese Ship Fune
33%
Italian Unique Unit Galleass
33%
Ottoman Unique Unit Galley
33%
Spanish Royal Guard Garrochista
33%
Cheat Unit | Mercenary Gatling Camel
33%
Revolutionary Unit Gaucho
33%
Campaign Unit General Kichiro
33%
Cheat Unit George Crushington
33%
Campaign Unit George Custer
33%
Mercenary Giant Grenadier
33%
Maltese Unique Unit Grand Master
33%
American Outlaw Gunslinger
33%
Native American non-military Healer
33%
Maltese Unique Unit Hospitaller
33%
European non-military Hot Air Balloon
33%
Inca Ranged Huaraca
33%
Ottoman Unique Unit Humbaraci
33%
Ottoman Unique Unit Imam
33%
Outlaw Inquisitor
33%
Asian Infantry Irregular
33%
Aztec Hand Infantry Jaguar Prowl Knight
33%
Mercenary Jat Lancer
33%
Revolutionary Unit Javanese Spearman
33%
African Cavalry Javelin Rider
33%
Inca Ranged Jungle Bowman
33%
Campaign Unit Ká:nien
33%
Haudenosaunee Cavalry Kanya Horseman
33%
Revolutionary Unit Karelian Jaeger
33%
British Royal Guard King's Life Guard
33%
Native Unit Klamath Rifleman
33%
Maltese Unique Unit Lamb of the Creator
33%
German Unique Unit Landwehr
33%
Campaign Unit Lao Chen
33%
Cheat Unit Lazer Bear
33%
Cheat Unit Learicorn
33%
Portuguese Royal Guard Legionario
33%
Hausa Cavalry Lifidi Knight
33%
Livestock Llama
33%
Revolutionary Unit Llanero
33%
Revolutionary Unit Magyar Hussar
33%
Indian Cavalry Mahout Lancer
33%
Hausa Infantry Maigadi
33%
Native Unit Mapuche Ironwood Clubman
33%
Outlaw Marathan Dacoit
33%
Outlaw Marathan Thuggee
33%
Native Unit Maya Holcan Javelineer
33%
Campaign Unit Miner
33%
Spanish Unique Unit Missionary
33%
Chinese Scout Mongol Scout
33%
Campaign Unit Morgan's Flagship
33%
Haudenosaunee Cavalry Musket Rider
33%
Campaign Unit Nanib Sahir
33%
Mercenary Napoleon Gun
33%
Native Unit Navajo Rifleman
33%
Ethiopian Infantry Neftenya
33%
Campaign Unit Nonahkee
33%
Native Unit Nootka Clubman
33%
Native Unit Nootka War Chief
33%
Russian Unique Unit Oprichnik
33%
Aztec Ranged Otontin Slinger
33%
Mexican Hero Padre
33%
Italian Unique Unit Papal Bombard
33%
Italian Unique Unit Papal Guard
33%
Italian Unique Unit Papal Zouave
33%
Italian Unique Unit Pavisier
33%
Inca Pet Unit Peruvian Dog
33%
European Artillery Petard
33%
Outlaw Pistolero
33%
Inca Hand Infantry Plumed Spearman
33%
Russian Unique Unit Poruchik
33%
Campaign Unit Pravar Patel
33%
Inca Healer Priestess
33%
Mercenary Privateer
33%
German Royal Guard Prussian Uhlan
33%
American Artillery Quaker Gun
33%
Native Unit Quechua Huamanica
33%
Hausa Cavalry Raider
33%
Indian Infantry Rajput
33%
Pet Unit Randy the Pet Rhino
33%
British Unique Unit Ranger
33%
Ethiopian Hero Ras
33%
Native Unit Rattan Warrior
33%
Russian Unique Unit Rekrut
33%
Revolutionary Unit Revolutionary
33%
Mercenary Ronin
33%
Native Unit Royal Musketeer
33%
Campaign Unit Sahin the Falcon
33%
Pet Unit Sanura the Tame Leopard
33%
Ethiopian Artillery Sebastopol Mortar
33%
Native Unit Seminole Sharktooth Bowman
33%
Chinese Hero Shaolin Master
33%
Campaign Unit Shogun Tokugawa
33%
Ethiopian Infantry Shotel Warrior
33%
Japanese Hero Sohei Archer
33%
Native Unit Sohei Naginata
33%
American Infantry State Militia
33%
Native Unit Sudanese Dervish
33%
Spanish Royal Guard Tercio
33%
Cheat Unit The Tommynator
33%
Lakota Cavalry Tokala Soldier
33%
French Royal Guard Voltigeur
33%
American National Guard Volunteer
33%
Native American Hero War Chief
33%
Spanish Unique Unit War Dog
33%
Native Unit War Elephant
33%
Native Unit Winged Hussar
33%
Hausa Ship Xebec
33%
Japanese Infantry Yamabushi
33%
Mercenary Yojimbo
33%
Ottoman Unique Unit Yörük
33%
Native Unit Zapotec Lightning Warrior
33%
Campaign Unit Ahmad al-Mansur
17%
Native Unit Akan Ankobia
17%
Native Unit Akan Tufohen
17%
Italian Unique Unit Architect
17%
Mercenary Armored Pistoleer
17%
Japanese Ship Atakebune
17%
Campaign Unit Bahadur Shah
17%
Revolutionary Unit Barbary Warrior
17%
Ottoman Unique Unit Bashibozuk
17%
Maltese Royal Guard Basilisk
17%
African Ship Battle Canoe
17%
Campaign Unit Bedouin Horse Archer
17%
Campaign Unit Berber Arquebusier
17%
Native Unit Berber Nomad
17%
Native Unit Berber Salt Camel
17%
Campaign Unit Berber Spearman
17%
Native Unit Berber Sultan
17%
Hausa Livestock Big Benny
17%
Pet Unit Big Jerome the Pet Polar Bear
17%
Native Unit Black Brunswicker
17%
Revolutionary Unit Blackwatch
17%
Mercenary Bosniak
17%
Pet Unit Buttercup the Pet Cougar
17%
Revolutionary Unit Californio
17%
African Ship Cannon Boat
17%
Native American Artillery Captured Mortar
17%
Mexican National Guard Charro
17%
Native Unit Chevauleger
17%
Campaign Unit Chief Brave Wolf
17%
Campaign Unit Chief Bull Bear
17%
Campaign Unit Chief Two Moon
17%
Campaign Unit Claude-Pierre Pecaudy
17%
Revolutionary Unit Corsair Captain
17%
Outlaw | Revolutionary Unit Corsair Marksman
17%
Outlaw Cossack Daredevil
17%
American Outlaw Cowboy
17%
Outlaw Crabat
17%
Revolutionary Unit Cruzob Avenger
17%
Revolutionary Unit Cruzob Infantry
17%
Swedish Royal Guard Dalkarl
17%
Ottoman Unique Unit Deli
17%
African Outlaw Desert Archer
17%
African Outlaw Desert Raider
17%
African Outlaw Desert Warrior
17%
Revolutionary Unit Dorobant
17%
Swedish Royal Guard Drabant
17%
Russian Royal Guard Dvoraynin
17%
Revolutionary Unit Eclaireur
17%
Hausa Hero Emir
17%
Campaign Unit Fierce Cougar
17%
Revolutionary Unit Filibuster
17%
African Ship Fishing Canoe
17%
Cheat Unit Flaming Hot Dog Cart
17%
Campaign Unit Flat-bottomed Boat
17%
Cheat Unit Fluffy
17%
Cheat Unit Flying Purple Tapir
17%
Campaign Unit Frank Warbonnet
17%
Hausa Infantry Fulani Archer
17%
Italian Royal Guard Galilean Mortar
17%
Ethiopian Infantry Gascenya
17%
Campaign Unit General Andrew Jackson
17%
Campaign Unit General Isaac Brock
17%
Revolutionary Unit Grenzer
17%
Campaign Unit Greta
17%
Hausa Healer Griot
17%
Cheat Unit Guardian Lion
17%
Outlaw Hajduk
17%
Outlaw Highwayman
17%
Cheat Unit Honey Badger
17%
Campaign Unit Hoop Thrower
17%
Revolutionary Unit Hungarian Grenadier
17%
Revolutionary Unit Hussar of Death
17%
Revolutionary Unit Independence Dragoon
17%
Revolutionary Unit Independence Guard
17%
Pet Unit Intrepid Turkey Scout
17%
Mercenary Irish Brigadier
17%
Revolutionary Unit Jagunço
17%
Campaign Unit Jian Huang
17%
Mercenary Kanuri Guard
17%
Pet Unit Kermond the Pet Monitor Lizard
17%
Revolutionary Unit Khevite Fusilier
17%
Campaign Unit Knife Thrower
17%
Portuguese Royal Guard Legion Dragoon
17%
Native Unit Lenape Warrior
17%
Cheat Unit | Italian Unique Unit Leonardo's Tank
17%
African Infantry Levied Bowman
17%
African Infantry Levied Gunner
17%
African Infantry Levied Spearman
17%
Native Unit Line Infantry
17%
Native Unit Lipka Tatar
17%
Campaign Unit Lizzie's Flagship
17%
Campaign Unit Major Cooper
17%
Native Unit Mapuche Bolas Rider
17%
Campaign Unit Marine Officer
17%
Revolutionary Unit Maroon
17%
Cheat Unit Mediocre Bombard
17%
Revolutionary Unit Metis Pathfinder
17%
Revolutionary Unit Metis Voyageur
17%
Campaign Unit | Revolutionary Unit Militia Officer
17%
Cheat Unit Monster Ice Cream Truck
17%
Revolutionary Unit Morochuco
17%
Native Unit Mountain Trooper
17%
Native Unit Mounted Infantry
17%
Campaign Unit Native Boy
17%
Pet Unit Nill the Playful Hippo
17%
Ottoman Unique Unit Nizam Fusilier
17%
Native Unit Northern Musketeer
17%
Campaign Unit Old Coot
17%
Portuguese Royal Guard Order Besteiro
17%
Maltese Unique Unit Order Galley
17%
Portuguese Royal Guard Ordinance Pikeman
17%
Portuguese Unique Unit Ordinance Rifleman
17%
Ethiopian Cavalry Oromo Warrior
17%
Pet Unit Pambuu the Tame Warthog
17%
Mercenary Pandour
17%
Italian Unique Unit Papal Lancer
17%
Russian Royal Guard Pavlov Grenadier
17%
Cheat Unit Penguin
17%
Revolutionary Unit Peruvian Guard
17%
Pet Unit Pete-Pete the Tame Panda
17%
German Unique Unit Prinz Chevauleger
17%
Native Unit Qizilbash
17%
Campaign Unit Queen Sabla Wengel
17%
Campaign Unit Railroad Worker
17%
Revolutionary Unit Revolutionary Sharpshooter
17%
Revolutionary Unit Rosior Dragoon
17%
Native Unit Royal Arquebusier
17%
Native Unit Royal Dragoon
17%
Mercenary Royal Horseman
17%
Native Unit Royal Huntsman
17%
Ottoman Royal Guard Rumeliot
17%
Native Unit Sacred Band Infantry
17%
Mexican Infantry Salteador
17%
Hausa Livestock Sanga Cattle
17%
Revolutionary Unit San Martin
17%
Revolutionary Unit Sansculotte
17%
Native Unit Saxon Cuirassier
17%
Italian Unique Unit Schiavone
17%
Mercenary Sennar Horseman
17%
Maltese Unique Unit Sentinel
17%
Campaign Unit Sheriff Holme
17%
Native Unit Shock Rider
17%
Campaign Unit Sir Francis Drake
17%
Federal American Ship Sloop
17%
Native Unit Somali Darood Militia
17%
Native Unit Somali Issa Warrior
17%
Italian Royal Guard Springarde
17%
Dutch Royal Guard Stadswacht
17%
Federal American Ship Steamer
17%
Campaign Unit Sultan Abd al-Malik
17%
Campaign Unit Sultan Mohammad II
17%
Campaign Unit Sven Kuechler
17%
Native Unit Tatar Archer
17%
Native Unit Tengri Wolf
17%
Native Unit Totenkopf Hussar
17%
Native Unit Trabant
17%
Campaign Unit Treasure Ship
17%
Campaign Unit Tribal Horseman
17%
Ottoman Royal Guard Ulufeli
17%
Campaign Unit Usman dan Fodio
17%
Mexican National Guard Vigilante
17%
Revolutionary Unit Voluntario da Patria
17%
Revolutionary Unit Wallachian Horse Archer
17%
Ethiopian Ship War Dhow
17%
Campaign Unit White Buffalo
17%
Campaign Unit White Jaguar
17%
Outlaw Wokou Horseman
17%
Mercenary Wokou Junk
17%
Outlaw Wokou Monk
17%
Outlaw Wokou Ronin
17%
Cheat Unit Wood Cattle
17%
Campaign Unit Yermak
17%
Native Unit Yoruba Eso Rider
17%
Native Unit Yoruba Oyo Legionary
17%
Ethiopian Livestock Zebu Cattle
17%
Mercenary Cannoneer
0%
Revolutionary Unit Cuerudo
0%
Revolutionary Unit Foot Carabinier
0%
Campaign Unit Hizir Reis
0%
Revolutionary Unit Honcho the Pet Grizzly Bear
0%
Revolutionary Unit Horse Carabinier
0%
Campaign Unit Kaasa Hailu
0%
Native Unit Marathan Catamaran
0%
Revolutionary Unit Mounted Grenadero
0%
Mercenary Mounted Rifleman
0%
Campaign Unit Oruc Reis
0%
Campaign Unit White Wolf
0%
Revolutionary Unit Yucateco Insurgente
0%
Mercenary Zenata Rider
0%
No matching quizzes found
Score Distribution
Percent of People with Each Score
Percentile by Number Answered
Your Score History
You have not taken this quiz since the last reset